00468nam a2200169Ia 450000500170000000800410001704000190005804100120007708200130008910000150010224501010011726000280021830000100024665000160025670000160027285000100028820240704082834.0131103s9999 xx 000 0 und d aLoreto College aEnglish a510bHAL aHall, H.S. aElementary algebra for schoolsb containing a full treatment og graphs cH.S.Hall and S.R.Knight aLondonbMacmillanc1932 a516p  aMathematics aKnight,S.R. aLCBED